[Event "Kragero Resort Chess A 2018"]
[Site "Kragero"]
[Date "2018.02.22"]
[Round "3"]
[White "Risting, Eivind Olav"]
[Black "Nielsen, Andre"]
[Result "1-0"]
[WhiteElo "2308"]
[BlackElo "2145"]
[Annotator "TA"]
[PlyCount "61"]
[EventDate "2018.??.??"]
[EventType "swiss"]
[EventCountry "NOR"]
[SourceTitle "playchess.com"]
[Source "ChessBase"]
[SourceQuality "1"]

{[%evp 13,61,0,0,0,0,-5,0,0,-7,4,125,108,163,153,147,155,168,57,29,13,14,10,5,15,5,-40,0,-6,-6,-8,-11,-53,-49,-68,-73,-54,395,12,433,395,434,412,415,407,465,277,463,234,441,456]} 1. d4 Nf6 2. c4 e6 3. Nc3 Bb4 4. Qc2 O-O 5. Nf3 d6 6. Bd2 b6 {E32: Nimzo-Indian: Classical (4 Qc2): 4...0-0} (6... Nbd7 7. a3 Bxc3 8. Bxc3 Qe7 9. e3 b6 10. Bd3 e5 11. dxe5 dxe5 12. Nd2 Nc5 13. Be2 Bb7 14. O-O Nfe4 15. b4 Nxc3 16. Qxc3 Nd7 {½-½ (55) Lenic,L (2641)-Carlsen,M (2840) chess.com INT 2017}) 7. e4 c5 {LiveBook: 4 Games} 8. e5 cxd4 {Threatens to win with ...dxe5.The position is equal.} 9. exf6 dxc3 10. bxc3 {fxg7 is the strong threat.} Qxf6 {Threatening ...Bb7.} 11. Bd3 g6 $146 {[#]} (11... h6 $1 $11 {remains equal.}) ({Predecessor:} 11... Bb7 12. O-O Ba5 13. Bxh7+ Kh8 14. Ng5 g6 15. Qd3 Kg7 16. Rad1 Rh8 {½-½ (16) Taner,H (1818)-Broyles,J (1891) IECC email 2007}) 12. O-O $1 $16 Ba5 (12... Bc5 $16) 13. Be4 $18 d5 14. cxd5 e5 15. Bg5 (15. d6 $18 Bf5 16. Bg5 Qxd6 17. Bxf5 gxf5 18. Qxf5) 15... Qd6 $14 16. Be7 Qxe7 {[#]} 17. d6 $1 {[%cal Rd6e7][%mdl 512]} Qxd6 18. Bxa8 Na6 {[%cal Bb8a6,Ba6c5,Bc5a4,Ba4c3][%mdl 32]} 19. Qe2 Nc5 {Hoping for ...Ba6.} 20. Rfd1 $36 {[%mdl 2048] White has the initiative.} Qc7 21. Bd5 Na4 22. Qe3 Nxc3 23. Qh6 {Black must now prevent Ng5!} Nxd5 24. Rxd5 {And now Rc1 would win.} Rd8 $2 {[%mdl 8192]} (24... f6 $15 {stays ahead.}) 25. Rxd8+ $18 Qxd8 26. Ng5 Qf6 27. Rc1 Bd7 28. Rc7 Qf5 29. Qxh7+ Kf8 {( -> ...Qb1+)} 30. Qxf7+ Qxf7 31. Nxf7 {Precision: White = 64%, Black = 56%.} 1-0

[Event "Kragero Resort Chess A 2018"]
[Site "Kragero"]
[Date "2018.02.22"]
[Round "3"]
[White "Royset, Pal"]
[Black "Bruaset, Eivind"]
[Result "1/2-1/2"]
[WhiteElo "2285"]
[BlackElo "2108"]
[Annotator "TA"]
[PlyCount "76"]
[EventDate "2018.??.??"]
[EventType "swiss"]
[EventCountry "NOR"]
[SourceTitle "playchess.com"]
[Source "ChessBase"]
[SourceQuality "1"]

{[%evp 25,76,0,0,-18,-10,0,0,0,-28,-73,-67,-60,-66,-67,-34,-119,-17,-78,-66,-62,58,-16,0,-112,-52,-74,-75,-74,-78,-73,0,0,19,23,77,-60,-57,-59,-59,-59,-59,-59,-59,-61,-59,-59,-29,-58,-50,-43,-26,-24,-39]} 1. e4 e6 2. d4 d5 3. Nc3 Bb4 4. e5 c5 5. a3 Bxc3+ 6. bxc3 Qa5 7. Bd2 Qa4 8. Nf3 Nc6 9. dxc5 {C18: French: 3 Nc3 Bb4: Main line: 7 h4 and 7 Qg4} f6 10. Nd4 Nxd4 11. cxd4 Qxd4 12. Bb5+ Kf7 13. O-O Qxe5 {LiveBook: 3 Games} 14. c6 Ne7 $146 ({Predecessor:} 14... bxc6 15. Bxc6 Rb8 16. c4 dxc4 17. Bb4 Qc7 18. Be4 Rb5 19. Rc1 Ba6 20. Rxc4 {1-0 (20) Lamastus Candal,J (2225)-Zhu,C (2483) Turin 2006}) 15. cxb7 Bxb7 16. Re1 Qc7 17. Qh5+ {[#]} g6 $1 {[%cal Rg6h5]} 18. Qh3 Bc8 19. c4 e5 20. Qf3 (20. Qb3 $1 $15) 20... Be6 (20... Rb8 $17 21. Rec1 d4) 21. Bg5 (21. Rac1 $1 $11 dxc4 22. Qe2) 21... Bf5 $17 22. cxd5 Qc5 (22... fxg5 $15 23. g4 Kg7) 23. Bd3 ({Better is} 23. Bc6 $1 $14 Rac8 24. Bd7) 23... h5 ({But not} 23... fxg5 $6 24. g4 $16) 24. Bh4 (24. Bxf5 $11 gxf5 25. Red1 fxg5 26. d6) 24... Qd4 ({Black should try} 24... Rac8 $17 25. Rab1 Qxd5 26. Qxd5+ Nxd5 27. Bxf5 gxf5) 25. Be4 {Black must now prevent d6!} Rad8 26. Rad1 Qb6 {aiming for ...Bg4.} 27. h3 Bxe4 (27... Rd7 $17) 28. Rxe4 $11 Nf5 29. Rb4 Qd6 {[#]} (29... Qc7 $11 {remains equal.}) 30. Rb7+ (30. Rc1 $1 $16 {[%cal Rc1c6]} Qxd5 31. Rb7+ Ke6 32. Rc6+ Rd6 33. Rxd6+ Qxd6 34. Qb3+ Qd5 35. Qxd5+ Kxd5 36. Bxf6) 30... Rd7 $15 31. Rxd7+ Qxd7 32. Bxf6 Kxf6 33. g4 hxg4 34. hxg4 Qh7 35. gxf5 gxf5 {Strongly threatening ...Qh2+.} 36. Kf1 Qh1+ 37. Ke2 $1 Qxf3+ 38. Kxf3 Ke7 {Precision: White = 42%, Black = 34%.} 1/2-1/2

[Event "Kragero Resort Chess A 2018"]
[Site "Kragero"]
[Date "2018.02.22"]
[Round "3"]
[White "Tryggestad, Andreas Garberg"]
[Black "Lie, Espen"]
[Result "0-1"]
[WhiteElo "2241"]
[BlackElo "2473"]
[Annotator "TA"]
[PlyCount "102"]
[EventDate "2018.??.??"]
[EventType "swiss"]
[EventCountry "NOR"]
[SourceTitle "playchess.com"]
[Source "ChessBase"]
[SourceQuality "1"]

{[%evp 9,102,31,31,32,29,33,30,-18,25,17,51,-14,0,-8,0,-10,29,30,26,20,20,24,18,-2,35,24,25,0,0,0,0,-18,-15,-19,-6,-19,-14,-8,-16,-29,-8,-45,-45,-64,-62,-64,-62,-62,-62,-62,-54,-75,-45,-46,-47,-53,0,-258,-258,-260,-261,-268,-260,-254,-256,-303,-306,-313,-312,-304,-302,-304,-291,-331,-319,-380,-380,-380,-380,-457,-392,-589,-554,-773,-566,-754,-745,-715,-696,-582,-565,-532,-482,-930,-857]} 1. e4 e5 2. Nf3 Nc6 3. Bb5 a6 4. Bxc6 dxc6 5. O-O Qf6 6. d4 {C68: Ruy Lopez: Exchange Variation, sidelines} exd4 7. Bg5 Qd6 8. Qxd4 {White has an edge.} (8. Nxd4 Be7 9. Bxe7 Nxe7 10. Nc3 Bd7 11. Nb3 O-O-O 12. Qf3 Ng6 13. Qe3 Kb8 {½-½ (34) Solak,D (2626)-Eljanov,P (2720) Heraklio 2017}) 8... Bg4 9. Qe3 Qc5 10. Nbd2 $146 (10. Nd4 $1 $14) ({Predecessor:} 10. Nd4 h6 11. Bf4 O-O-O 12. c3 Nf6 13. h3 Bd7 {1-0 (67) Hassler,E (2315)-Brencher,P (2185) ICCF email 2010}) 10... f6 $11 11. Bf4 O-O-O 12. Rad1 g5 13. Nb3 Qxe3 14. Rxd8+ Kxd8 15. Bxe3 (15. fxe3 $2 {is the wrong capture.} gxf4 16. exf4 Nh6 $19) 15... h6 16. h3 Bc8 17. Rd1+ Ke8 18. Nc5 b6 19. Nd3 c5 {[%cal Bc6c5,Bc5c4][%mdl 32]} 20. Bd2 Rh7 21. Bc3 Bb7 22. Re1 c4 23. Nc1 $1 Re7 24. Nd2 b5 25. f3 Rd7 26. a3 Bc5+ 27. Kf1 Ne7 28. Ne2 Kf7 29. Ng3 Kg6 30. Rd1 Nc6 {White must now prevent ...a5.} 31. Ke2 Bc8 32. Ndf1 Bd4 (32... Rxd1 $15 33. Kxd1 Bd7) 33. Ne3 $2 {[%mdl 8192] [#]} (33. Ra1 $11 {and White has nothing to worry.}) 33... Bxe3 $1 $19 34. Rxd7 Bf4 35. Rd5 {aiming for Nf5.} Bxg3 36. Be1 Bd6 37. h4 Be6 38. Rd1 f5 39. hxg5 hxg5 ({Much less strong is} 39... Kxg5 40. Bd2+ Kg6 41. Rh1 $19) 40. exf5+ Bxf5 41. c3 Bd3+ 42. Ke3 Bc2 43. Rd5 Ne7 44. Rd2 Bf4+ 45. Kd4 (45. Ke2 $142 Bxd2 46. Kxd2) 45... Nf5+ {Black is clearly winning.} 46. Kc5 Bxd2 47. Bxd2 Nh4 48. f4 g4 49. g3 Nf5 50. Be1 Ne7 51. Kb4 (51. Kd4 $142) 51... Kf5 {Precision: White = 36%, Black = 64%.} 0-1

[Event "Kragero Resort Chess A 2018"]
[Site "Kragero"]
[Date "2018.02.22"]
[Round "3"]
[White "Nordquelle, Daniel"]
[Black "Fossan, Aleksander"]
[Result "1-0"]
[WhiteElo "2220"]
[BlackElo "2004"]
[Annotator "TA"]
[PlyCount "135"]
[EventDate "2018.??.??"]
[EventType "swiss"]
[EventCountry "NOR"]
[SourceTitle "playchess.com"]
[Source "ChessBase"]
[SourceQuality "1"]

{[%evp 10,135,10,6,17,-16,-8,-10,18,-7,-14,-42,-10,-35,-22,-18,-10,-8,0,-1,4,-18,0,-2,0,-40,-36,-27,-46,-62,-60,-65,-54,-58,-55,-58,-52,-101,-93,-108,-104,-90,-102,-113,-104,-90,-90,-90,-90,-92,-90,-89,-83,-174,-118,-207,-136,-138,0,-270,-77,-85,-21,-43,-63,-27,0,0,0,0,12,0,0,-9,-8,-6,-8,-8,-8,-12,29,-7,262,250,250,231,200,159,286,306,29991,29992,29992,29993,29993,29982,29994,29983,12809,6036,29993,29994,29994,29995,29995,29989,29989,29988,29989,639,5695,0,29989,29990,29993,29989,29989,29989,29990,29991,29995,29996,29996,0,29985,0,29996,29997]} 1. e4 c5 2. Ne2 g6 3. Nbc3 Bg7 4. g3 Nc6 5. Bg2 Rb8 6. d3 b5 {[%cal Bb7b5,Bb5b4][%mdl 32] B24: Closed Sicilian: 3 g3 sidelines} (6... d6 7. O-O Nf6 8. a3 O-O 9. Rb1 Bd7 10. h3 b5 11. b4 cxb4 12. axb4 e6 13. Bf4 Qc7 14. Qd2 Rfc8 15. Na2 Ne7 {½-½ (28) Chaika,I (2459)-Sirobaba,F (2372) ICCF email 2015}) 7. Bf4 e5 8. Be3 b4 $146 {The position is equal.} ({Predecessor:} 8... d6 9. O-O Nge7 10. f4 Nd4 11. fxe5 dxe5 12. Bg5 Be6 13. Nd5 Bxd5 14. exd5 {0-1 (43) Van Wyk,J (1909)-Lipnowski,S (2136) Winnipeg 2003}) 9. Nb1 d6 10. Qc1 Nge7 11. Bh6 O-O 12. h4 f5 13. h5 Qe8 14. Bxg7 Kxg7 15. hxg6 Qxg6 16. Nd2 h6 17. Nf3 fxe4 18. dxe4 Nd4 19. Nfxd4 cxd4 20. Qd2 Bg4 $36 {[%mdl 2048] Black has good play.} 21. Nc1 Ng8 {[%cal Be7g8,Bg8f6,Bf6e4][%mdl 32]} 22. Nd3 Nf6 23. f3 {[#]} Bxf3 $1 {[%mdl 512]} 24. Bxf3 {Hoping for 0-0-0.} Nxe4 25. Qg2 Qxg3+ 26. Ke2 Qxg2+ 27. Bxg2 Ng3+ 28. Kd2 Nxh1 29. Rxh1 a5 30. Be4 Rf6 31. Ne1 (31. Rg1+ $17 Kh8 32. Bd5) 31... Rbf8 (31... Rf2+ $19 32. Kd1 Rf4) 32. Rh3 (32. Rg1+ $17 {keeps fighting.} Kh8 33. Rh1) 32... Rh8 33. Ng2 Rf2+ (33... Rb8 $17 34. Nh4 Kf7 35. Bd5+ Ke7) 34. Kd3 $2 {[%mdl 8192]} (34. Ke1 $11 Rf6 35. Rg3+ Kf8 36. Bd5) 34... h5 $2 (34... Rc8 $19 35. Rg3+ Kf8) 35. Rg3+ Kf7 (35... Kf8 $1 $17 {aiming for ...Rg8.} 36. Bd5 h4) 36. Bd5+ Kf6 {Strongly threatening ...h4.} 37. Nh4 Rh7 {White must now prevent ...Rg7.} 38. Rg6+ Ke7 39. Rg8 Kd7 40. Ra8 Rh6 41. Ra7+ Kd8 42. Rg7 $1 Rhf6 {Threatens to win with ...R2f4.} 43. Ng6 $1 h4 44. Nxh4 Rh6 45. Nf3 Rh1 $2 {[%mdl 8192]} (45... Rh3 $11 46. Rf7 a4) 46. Ng5 $1 $18 Rd1+ 47. Kc4 Rxc2+ {[#]} 48. Kb5 $1 {And now Ne6+ would win.} Rf1 (48... Rc5+ $16 {was worth a try.} 49. Kb6 Rxd5) 49. Ne6+ Kc8 $2 (49... Ke8 $18 50. Be4 Rf6 51. Bxc2 Rxe6 52. Kxa5 Kf8) 50. Kb6 Rfc1 51. Bb7+ Kb8 52. Rg8+ Rc8 53. Bxc8 Rxc8 {[%mdl 4096] Endgame KRN-KR} 54. Rg7 Re8 55. Nc7 Rh8 56. Nb5 Kc8 57. Nxd6+ Kb8 58. Rb7+ Ka8 59. Ra7+ (59. Rd7 $142 b3 60. a4 d3 61. Kxa5 d2 62. Nc4 Rh7 63. Rxd2 (63. Rxh7 d1=Q $11) 63... e4 64. Re2) 59... Kb8 60. Rb7+ (60. Rg7 $18 Rf8 61. Kxa5) 60... Ka8 61. Rd7 a4 62. Ra7+ Kb8 63. Rb7+ Ka8 64. Rd7 Rb8+ 65. Ka6 {[%csl Ga6][%cal Rd7a7]} Rh8 {[#]} 66. Kb6 $2 (66. Nc4 $1 {mates} Kb8 67. Nb6 Rh7 68. Rxh7 e4 69. Rb7#) 66... Rg8 $2 {[%mdl 8192]} (66... Rb8+ $11 67. Ka6 Rf8 68. Nc4 Rf6+ 69. Nb6+ Rxb6+ 70. Kxb6 e4 71. Rd8#) 67. Ka6 Rh8 $1 68. Nc4 {Precision: White = 57%, Black = 38%.} 1-0

[Event "Kragero Resort Chess A 2018"]
[Site "Kragero"]
[Date "2018.02.22"]
[Round "3"]
[White "Dahl, Trygve"]
[Black "Huse, Sigurd Kjelsbol"]
[Result "1-0"]
[WhiteElo "2217"]
[BlackElo "1993"]
[Annotator "TA"]
[PlyCount "97"]
[EventDate "2018.??.??"]
[EventType "swiss"]
[EventCountry "NOR"]
[SourceTitle "playchess.com"]
[Source "ChessBase"]
[SourceQuality "1"]

{[%evp 16,97,8,8,71,72,70,71,91,89,105,97,118,71,116,116,122,112,207,101,107,104,117,0,0,0,0,0,0,0,0,0,267,223,258,258,271,265,221,241,294,294,294,292,283,287,381,381,497,489,506,499,404,287,513,493,592,592,694,649,846,858,804,816,797,786,736,735,1564,1549,1549,1549,1549,1549,1549,1549,1549,585,5173,5140,5133,5126,5093,4716]} 1. e4 e5 2. Nf3 Nf6 3. Nc3 Nc6 4. Bb5 Bb4 5. O-O O-O 6. d3 Bxc3 7. bxc3 d6 8. Re1 Ne7 9. d4 {LiveBook: 7 Games. C49: Four Knights: 4 Bb5 Bb4} Ng6 (9... Bd7 $11 10. dxe5 dxe5 11. Bxd7 Nxd7) 10. dxe5 $1 $16 (10. a4 a6 11. Bd3 c5 12. a5 Qc7 13. h3 Re8 14. Bg5 Nd7 15. Be3 Ndf8 16. Nd2 Ne6 17. dxe5 dxe5 {1-0 (28) Saric,I (2669)-Mitkov,M (2333) Katowice 2017}) 10... dxe5 11. Ba3 {White is slightly better.} Bg4 12. Bxf8 Qxf8 13. h3 Rd8 14. Bd3 Bxf3 $146 ({Find the theoretical novelty and annotate with similar games:} 14... Bd7 15. Qb1 Bc6 16. Qb4 a6 {1-0 (32) Willemze,T (2390)-Frederiksen,E (1996) Pattaya 2011}) 15. Qxf3 Nf4 16. Red1 Qc5 {[#]} (16... Ra8 $16 17. Bf1 Qa3) 17. Rab1 (17. Ba6 $1 $18 {[%mdl 512]} Rb8 {[#]} (17... bxa6 18. Rxd8+) 18. Bxb7 $1 {[%mdl 512]}) 17... b6 18. Kh2 h6 19. Rb5 (19. Bf1 $16 Rd6 20. Rb5) 19... Rxd3 $1 $11 20. Rxc5 Rxf3 21. gxf3 bxc5 22. Rd8+ $1 Kh7 23. Ra8 Ne2 $2 {[%mdl 8192]} (23... Ne6 $11 {and Black stays safe.}) 24. a4 {[%cal Ba2a4,Ba4a5][%mdl 32]} Nxc3 25. Rxa7 Ne8 26. a5 Nb5 27. Rb7 Nd4 28. a6 Nc6 29. a7 Nxa7 30. Rxa7 $18 {[%mdl 4096] Endgame KR-KN} g5 31. Ra5 Kg7 32. Rxc5 f6 33. c4 {[%cal Bc2c4,Bc4c5][%mdl 32]} Kf7 34. Rd5 h5 $2 (34... Ke6 {might work better.} 35. Kg3 Ng7) 35. c5 {White is clearly winning.} c6 36. Rd7+ Ke6 37. Rh7 h4 38. Kg1 f5 39. exf5+ Kxf5 40. Re7 Nf6 41. Rc7 e4 42. Rxc6 exf3 43. Rc8 Ke6 44. c6 Kd6 45. c7 Nd7 46. Kh2 (46. Rg8 $142 Kxc7 47. Rxg5) 46... Kc6 47. Rg8 Kxc7 48. Rxg5 Kd6 49. Rh5 {Precision: White = 69%, Black = 31%.} 1-0

[Event "Kragero Resort Chess A 2018"]
[Site "Kragero"]
[Date "2018.02.22"]
[Round "3"]
[White "Ingebretsen, Jens E"]
[Black "Unneland, Mathias"]
[Result "1-0"]
[WhiteElo "2174"]
[BlackElo "1860"]
[Annotator "TA"]
[PlyCount "75"]
[EventDate "2018.??.??"]
[EventType "swiss"]
[EventCountry "NOR"]
[SourceTitle "playchess.com"]
[Source "ChessBase"]
[SourceQuality "1"]

{[%evp 10,75,22,8,36,27,22,4,14,8,56,35,25,26,42,25,60,32,27,16,30,28,22,22,66,81,115,123,109,24,43,14,160,121,232,172,179,170,190,197,228,123,143,129,133,137,147,141,136,-13,473,470,466,231,465,462,572,554,727,704,1001,880,3092,2092,1852,943,29992,29993]} 1. e4 e6 2. d4 d5 3. Nd2 a6 4. Ngf3 c5 5. exd5 exd5 6. Be2 Bd6 {C08: French Tarrasch: 3...c5 4 exd5 exd5 sidelines} (6... c4 7. O-O Bd6 8. b3 cxb3 9. cxb3 Nc6 10. Re1 Nge7 11. Bb2 O-O 12. Ne5 f6 13. Nxc6 Nxc6 14. Bf3 Kh8 {½-½ (28) Wei,Y (2739)-Ivanchuk,V (2729) Medias 2017}) 7. dxc5 Bxc5 8. Nb3 Bb6 {The position is equal.} 9. O-O Ne7 $146 ({Predecessor:} 9... Nf6 10. Bg5 Nc6 11. c4 dxc4 12. Bxc4 O-O 13. Qc2 Bg4 14. Rad1 Qc8 15. Bxf6 Bxf3 16. gxf3 gxf6 17. Qe4 Kh8 {½-½ (46) Prieto,C-Gilles,R LSS email 2007}) 10. Bf4 O-O 11. Re1 $36 {[%mdl 2048] White is pushing.} Nbc6 12. c3 Bf5 13. Qd2 Ng6 14. Bg3 Qd7 15. Rad1 Rad8 16. Nfd4 Be6 17. Nxe6 fxe6 18. Bg4 Rde8 {[#]} 19. Qg5 (19. c4 $1 $16 {[%cal Rc4d5][%mdl 512]} Nge5 (19... dxc4 20. Qxd7) 20. Rxe5 (20. Bxe5 Rxf2 21. Qxf2 Bxf2+ 22. Kxf2 Nxe5 $16) 20... Nxe5 21. Bxe5) 19... Qf7 $11 {[%cal Rb6f2]} 20. Re2 Bd8 (20... e5 $11 {remains equal.}) 21. Qd2 Bf6 (21... Bb6 $16 {was worth a try.}) 22. Bd6 Nce5 23. Bxf8 Nxg4 24. Bd6 N4e5 25. Qe1 (25. Bxe5 $18 Bxe5 26. g3) 25... Nc4 $16 26. Rxd5 {And now Bg3 would win.} Rd8 27. Rxe6 {[%cal Be2e6,Be6e8,Be8f8][%mdl 32] Hoping for Qe4.} Nf8 {[#]} 28. Bxf8 $1 Rxd5 29. Bc5 ({White should play} 29. Bb4 $16 {White threatens Re8+ and mate.} Rd1 30. Qxd1 Qxe6 31. Nc5 Nxb2 32. Qb3 (32. Nxe6 Nxd1 33. Kf1 Bxc3 $14) 32... Qxb3 33. axb3) 29... Qd7 $2 {[%mdl 8192]} (29... Ne5 $11 {and Black has nothing to worry.} 30. Rxf6 Qxf6) 30. Re8+ $18 Kf7 31. Rf8+ Kg6 {aiming for ...Rd1.} 32. Bd4 $1 a5 33. Qe2 b5 34. g4 a4 35. Nc5 {[%cal Bb3c5,Bc5e4,Be4f6][%mdl 32]} Qd6 36. Qe8+ Kh6 37. Ne4 Qf4 38. Nxf6 {Precision: White = 46%, Black = 29%.} 1-0

[Event "Kragero Resort Chess A 2018"]
[Site "Kragero"]
[Date "2018.02.22"]
[Round "3"]
[White "Baldursson, Hrannar"]
[Black "Sagafos, Magne"]
[Result "1/2-1/2"]
[WhiteElo "2153"]
[BlackElo "2384"]
[Annotator "TA"]
[PlyCount "74"]
[EventDate "2018.??.??"]
[EventType "swiss"]
[EventCountry "NOR"]
[SourceTitle "playchess.com"]
[Source "ChessBase"]
[SourceQuality "1"]

{[%evp 12,74,25,0,11,12,14,1,40,43,56,36,46,22,18,11,42,50,47,0,2,2,4,3,6,0,0,0,0,-14,-13,-12,-12,-16,-16,-16,-12,-11,-12,-31,-28,-31,-31,-31,-37,-37,-26,-29,-33,-30,-36,-26,-30,-30,-7,-14,-14,-26,0,0,0,-36,0,0,0]} 1. c4 g6 2. Nc3 Bg7 3. Nf3 d6 4. e4 Nf6 5. Be2 O-O 6. O-O e5 7. d3 c6 {A16: English Opening: 1...Nf6 with ...d5} 8. h3 a6 $146 ({Predecessor:} 8... Kh8 9. Kh2 Ng8 10. d4 Qe7 11. dxe5 dxe5 12. g4 Na6 13. Bg5 f6 14. Be3 Bh6 15. a3 {½-½ (38) Moravec,M (2262)-Vacek,R (2184) Czechia 2007}) 9. Be3 b5 10. b4 d5 11. exd5 ({Stronger than} 11. Nxe5 d4 $17) 11... cxd5 12. Bc5 ({Much worse is} 12. Nxe5 d4 $17) 12... Re8 13. cxd5 Nxd5 14. Nxd5 Qxd5 15. Nd2 {[#] Black must now prevent Bf3.} (15. Nxe5 $5 Qxe5 16. Bf3 Qxa1 17. Qxa1 Bxa1 18. Rxa1 $14) 15... Bb7 {[%csl Gb7][%cal Rd5g2]} 16. Bf3 Qd7 17. Ne4 Bxe4 18. Bxe4 Nc6 19. Qf3 Rac8 20. Rac1 Bh6 21. Bxc6 Rxc6 22. Be3 Rxc1 23. Rxc1 Bxe3 24. Qxe3 $11 {[%mdl 4096] Endgame KQR-KQR} Qd5 25. a3 Qb3 26. d4 Qxe3 27. fxe3 {[%cal Bf2e3,Be3d4,Bd4d5,Bd5d6][%mdl 32]} exd4 28. exd4 $15 {KR-KR} Re3 29. d5 $1 Kf8 30. Rc8+ Ke7 31. Rc7+ Ke8 32. d6 $1 Rd3 33. Re7+ $1 Kf8 34. Rd7 Ke8 35. Re7+ $1 Kf8 36. Rd7 Ke8 37. Re7+ $1 Kf8 {Precision: White = 75%, Black = 68%.} 1/2-1/2

[Event "Kragero Resort Chess A 2018"]
[Site "Kragero"]
[Date "2018.02.22"]
[Round "3"]
[White "Bergsson, Stefan"]
[Black "Pantzar, Milton"]
[Result "0-1"]
[WhiteElo "2093"]
[BlackElo "2260"]
[Annotator "TA"]
[PlyCount "64"]
[EventDate "2018.??.??"]
[EventType "swiss"]
[EventCountry "NOR"]
[SourceTitle "playchess.com"]
[Source "ChessBase"]
[SourceQuality "1"]

{[%evp 15,64,-17,-20,-33,-28,-34,-25,-30,-26,-103,-98,-152,-168,-177,-164,-156,-151,-170,-148,-235,-251,-220,-231,-227,-225,-226,-233,-336,-266,-302,-298,-521,-513,-680,-633,-950,-769,-769,-773,-1145,-1137,-1190,-1203,-1332,-1321,-2289,-2220,-3640,-3316,-29987,-29988]} 1. c4 c5 2. Nc3 Nc6 3. g3 g6 4. Bg2 Bg7 5. a3 d6 6. Rb1 e6 {A36: Englische Eröffnung (Botwinnik-Variante)} 7. b4 Nge7 8. bxc5 (8. Nf3 O-O 9. O-O b6 10. e3 d5 11. bxc5 bxc5 12. Na4 Qd6 13. d3 Ba6 14. Qc2 Rab8 15. Rxb8 Rxb8 16. cxd5 Nxd5 17. e4 {½-½ (33) Ding,L (2773)-Svidler,P (2755) Moscow 2017}) 8... dxc5 {LiveBook: 11 Partien. Die Stellung ist ausgeglichen.} 9. Ne4 b6 10. Bb2 O-O 11. h4 $146 ({Vorgänger:} 11. Nf6+ Kh8 12. h4 e5 13. Nd5 Be6 14. Nxe7 Nxe7 15. Bxa8 Qxa8 {½-½ (47) Van Harreveld,F-Hendriks,W (2378) Hoogeveen 1999}) 11... f5 {...Lxb2 ist eine echte Drohung.} 12. Ng5 (12. Bxg7 $11 Kxg7 13. Nc3) 12... e5 $17 13. h5 (13. Qc1 $142) 13... h6 14. N5h3 g5 $36 {[%cal Bg6g5,Bg5g4][%mdl 2080] Droht stark ...g4. Schwarz bestimmt, wo es lang geht.} 15. f4 g4 16. Nf2 Qd6 17. fxe5 (17. e3 $17) 17... Bxe5 $19 18. Bxe5 Qxe5 19. Rb3 Be6 {[%cal Bc8e6,Be6c4,Bc4f1,Bf1g2,Bg2f3][%mdl 32]} 20. Re3 Qd6 21. Rh4 (21. Qc1 $142) 21... Rae8 (21... Bxc4 22. Bxc6 Nxc6 23. Nxg4 $1 $19 {[%mdl 512]}) 22. Qb1 Nd4 ({Bloß nicht} 22... Bxc4 {[#]} 23. Nxg4 $1 {[%mdl 512]} Nd4 24. Nf2 $19) 23. Rc3 $2 (23. Qc1) 23... Kh8 24. Kd1 {[#]} Bxc4 $1 {[%mdl 512]} 25. e4 (25. Rxc4 Qxg3) 25... Qe5 26. Re3 Qg7 27. Qb2 f4 {[%cal Bf5f4,Bf4g3][%mdl 32]} 28. Rc3 fxg3 29. Nxg4 Bf1 30. Nf3 Bxg2 31. Ne1 Rf1 32. Nxh6 Bf3+ {Precision: Weiß = 34%, Schwarz = 91%.} 0-1